| 000 | 01206nam a22002775i 4500 | ||
|---|---|---|---|
| 001 | 158059 | ||
| 003 | ES-MaACL | ||
| 005 | 20250819063106.0 | ||
| 008 | 990929m18911893sp |||| | spa d | ||
| 040 |
_aCCPB | B _bspa _cCCPB | B |
||
| 080 | _a347.65/.68 | ||
| 080 | _a340.5 | ||
| 080 | _a34.05 | ||
| 100 | 1 |
_aLópez R. Gómez, Nicolás _eaut _973908 |
|
| 245 | 1 | 0 |
_aTratado teórico legal del derecho de sucesión, según los precedentes históricos del derecho de Castilla, el Código civil y las especialidades de las legislaciones forales / _cpor D. Nicolás López R. Gómez |
| 260 |
_aValladolid : _bEst, tip. de Hijos de J. Pastor, _c1891-1893 _f(Imp. del Ilustre Colegio de Abogados) |
||
| 300 |
_a2 volúmenes (747 ; 432 páginas) ; _c22 cm |
||
| 596 | _aEditor e impresor del v. 2: Imp. y Librería Nacional y Extranjera de los Hijos de Rodríguez; Libreros de la Universidad y del Instituto | ||
| 650 | 7 |
_aHerencias y sucesiones _2embne _9135883 |
|
| 650 | 7 |
_aDerecho comparado _2embne _911676 |
|
| 752 |
_aEspaña - _dValladolid |
||
| 852 | 4 |
_aES-MaACL _cSPAL _jC-3239-40 _xPasta |
|
| 942 |
_2udc _cMONANT _n0 |
||
| 999 |
_c158059 _d158059 |
||